Biblical Hebrew step-by-step / (Record no. 48607)
[ view plain ]
| 000 -LEADER | |
|---|---|
| fixed length control field | 00837cam a2200313 a 4500 |
| 001 - CONTROL NUMBER | |
| control field | 7158818 |
| 003 - CONTROL NUMBER IDENTIFIER | |
| control field | SIRSI |
| 005 - DATE AND TIME OF LATEST TRANSACTION | |
| control field | 20191028093449.0 |
| 008 - FIXED-LENGTH DATA ELEMENTS--GENERAL INFORMATION | |
| fixed length control field | 810202s1980 miua 000 0 eng |
| 010 ## - LIBRARY OF CONGRESS CONTROL NUMBER | |
| LC control number | 80148129 |
| 020 ## - INTERNATIONAL STANDARD BOOK NUMBER | |
| International Standard Book Number | 0801060419 (pbk.) |
| 035 ## - SYSTEM CONTROL NUMBER | |
| System control number | (Sirsi) o07158818 |
| 035 ## - SYSTEM CONTROL NUMBER | |
| System control number | (Sirsi) 01-AAP-6158 |
| 036 ## - ORIGINAL STUDY NUMBER FOR COMPUTER DATA FILES | |
| Original study number | u155846 |
| 040 ## - CATALOGING SOURCE | |
| Original cataloging agency | DLC |
| Transcribing agency | DLC |
| Modifying agency | m.c. |
| 049 ## - LOCAL HOLDINGS (OCLC) | |
| Holding library | TSWB |
| 100 1# - MAIN ENTRY--PERSONAL NAME | |
| Personal name | Mansoor, Menahem. |
| 245 10 - TITLE STATEMENT | |
| Title | Biblical Hebrew step-by-step / |
| Statement of responsibility, etc | Menahem Mansoor. |
| 250 ## - EDITION STATEMENT | |
| Edition statement | 2nd ed. |
| 260 ## - PUBLICATION, DISTRIBUTION, ETC. (IMPRINT) | |
| Place of publication, distribution, etc | Grand Rapids, Mich. : |
| Name of publisher, distributor, etc | Baker Book House, |
| Date of publication, distribution, etc | c1980, 1984. |
| 300 ## - PHYSICAL DESCRIPTION | |
| Extent | 249 p. : |
| Other physical details | ill. ; |
| Dimensions | 24 cm. |
| 336 ## - CONTENT TYPE | |
| Content Type Term | text |
| 337 ## - MEDIA TYPE | |
| Media Type Term | unmediated |
| 338 ## - CARRIER TYPE | |
| Carrier Type Term | volume |
| 650 #0 - SUBJECT ADDED ENTRY--TOPICAL TERM | |
| Topical term or geographic name as entry element | Hebrew language |
| General subdivision | Grammar. |
| 650 #0 - SUBJECT ADDED ENTRY--TOPICAL TERM | |
| Topical term or geographic name as entry element | Hebrew language |
| General subdivision | Readings. |
| 650 #0 - SUBJECT ADDED ENTRY--TOPICAL TERM | |
| Topical term or geographic name as entry element | Bible, O.T. |
| General subdivision | Genesis. |
| 942 ## - ADDED ENTRY ELEMENTS (KOHA) | |
| Source of classification or shelving scheme | Library of Congress Classification |
| Item type | Books |
| Withdrawn status | Lost status | Source of classification or shelving scheme | Materials specified (bound volume or other part) | Damaged status | Not for loan | Home library | Current library | Shelving location | Date acquired | Inventory number | Total Checkouts | Full call number | Barcode | Date last seen | Price effective from | Koha item type |
|---|---|---|---|---|---|---|---|---|---|---|---|---|---|---|---|---|
| Library of Congress Classification | v.1 | BSOP Library | BSOP Library | Reference | 10/28/2019 | 10545 | PJ4567 M31 v.1 | 00020002 | 10/28/2019 | 10/28/2019 | Books |
